<?xml version="1.0" encoding="UTF-8"?>
<marc:record xmlns:marc="http://www.loc.gov/MARC21/slim">
   <marc:leader>00000nam a2200000 a 4500</marc:leader>
   <marc:datafield ind1="1" ind2=" " tag="100">
      <marc:subfield code="a">Kreitmeir, Christoph</marc:subfield>
      <marc:subfield code="4">aut</marc:subfield>
      <marc:subfield code="e">Verfasser/-in</marc:subfield>
   </marc:datafield>
   <marc:datafield ind1=" " ind2=" " tag="653">
      <marc:subfield code="a">Advent</marc:subfield>
   </marc:datafield>
   <marc:datafield ind1=" " ind2=" " tag="653">
      <marc:subfield code="a">Weihnachten</marc:subfield>
   </marc:datafield>
   <marc:datafield ind1=" " ind2=" " tag="653">
      <marc:subfield code="a">Meditation</marc:subfield>
   </marc:datafield>
   <marc:datafield ind1=" " ind2=" " tag="653">
      <marc:subfield code="a">"Andere Zeiten"</marc:subfield>
   </marc:datafield>
   <marc:datafield ind1=" " ind2=" " tag="653">
      <marc:subfield code="a">Adventsbuch</marc:subfield>
   </marc:datafield>
   <marc:datafield ind1=" " ind2=" " tag="653">
      <marc:subfield code="a">Adventskalender</marc:subfield>
   </marc:datafield>
   <marc:datafield ind1=" " ind2=" " tag="653">
      <marc:subfield code="a">Spiritualität</marc:subfield>
   </marc:datafield>
   <marc:datafield ind1=" " ind2=" " tag="653">
      <marc:subfield code="a">Zeit für Gott</marc:subfield>
   </marc:datafield>
   <marc:datafield ind1=" " ind2=" " tag="653">
      <marc:subfield code="a">Zeit für mich</marc:subfield>
   </marc:datafield>
   <marc:datafield ind1=" " ind2=" " tag="653">
      <marc:subfield code="a">Softcover / Sachbücher/Philosophie</marc:subfield>
   </marc:datafield>
   <marc:datafield ind1=" " ind2=" " tag="653">
      <marc:subfield code="a">Religion/Christliche Religionen</marc:subfield>
   </marc:datafield>
   <marc:datafield ind1="0" ind2="0" tag="245">
      <marc:subfield code="a">Zeit für mich - Zeit für Gott</marc:subfield>
   </marc:datafield>
   <marc:datafield ind1="0" ind2="0" tag="245">
      <marc:subfield code="b">Seelennahrung für Advent und Weihnachten</marc:subfield>
   </marc:datafield>
   <marc:datafield ind1="0" ind2="0" tag="245">
      <marc:subfield code="c">Christoph Kreitmeir</marc:subfield>
   </marc:datafield>
   <marc:datafield ind1=" " ind2="1" tag="264">
      <marc:subfield code="a">Gütersloh</marc:subfield>
      <marc:subfield code="b">Gütersloher Verlagshaus</marc:subfield>
   </marc:datafield>
   <marc:datafield ind1=" " ind2=" " tag="250">
      <marc:subfield code="a">1. Auflage</marc:subfield>
   </marc:datafield>
   <marc:datafield ind1="1" ind2=" " tag="520">
      <marc:subfield code="a">Angaben aus der Verlagsmeldung

Zeit für mich - Zeit für Gott : Seelennahrung für Advent und Weihnachten / von Christoph Kreitmeir

Bewusst durch die Advents- und Weihnachtszeit

Christoph Kreitmeir legt hier ein spirituelles Begleitbuch durch die Advents- und Weihnachtszeit vor, das auf dem erfolgreichen Online-Adventskalender seiner Homepage basiert. Das Hauptthema 'Zeit für dich – Zeit für Gott' und weitere Themen wie Achtsamkeit, Hoffnung oder Loslassen ermöglichen es, sich nach 'Innen' zu bewegen, um in der hektischen Vorweihnachtszeit seelisch auftanken zu können. Der Autor ermuntert zur sinnvollen Auseinandersetzung mit Glaubensinhalten und bietet Impulse, Texte, Gebete und Bilder, die Adventszeit persönlich, aufbauend und spirituell zu begehen und zu nutzen. Seine gelungene Mischung aus Spiritualität und Lebenshilfe gibt Christen heute eine fundierte und moderne Seelennahrung.

Der erfolgreiche Online-Adventskalender jetzt in Buchform
Ein spiritueller Begleiter durch die Advents- und Weihnachtszeit
Das neue Buch des Franziskaners, der Spiritualität und Lebenshilfe verbindet
</marc:subfield>
   </marc:datafield>
   <marc:datafield ind1=" " ind2=" " tag="020">
      <marc:subfield code="a">9783579085357</marc:subfield>
      <marc:subfield code="9">9783579085357</marc:subfield>
   </marc:datafield>
   <marc:datafield ind1=" " ind2=" " tag="020">
      <marc:subfield code="a">3579085352</marc:subfield>
      <marc:subfield code="9">3579085352</marc:subfield>
   </marc:datafield>
   <marc:datafield ind1=" " ind2=" " tag="041">
      <marc:subfield code="a">ger</marc:subfield>
   </marc:datafield>
   <marc:datafield ind1=" " ind2=" " tag="300">
      <marc:subfield code="a">175 Seiten</marc:subfield>
   </marc:datafield>
</marc:record>
